Normal view
MARC view
- Woschek, Heinz-Gert
Entry Personal Name
001 - CONTROL NUMBER
- control field: 120650
003 - CONTROL NUMBER IDENTIFIER
- control field: NUST
005 - DATE AND TIME OF LATEST TRANSACTION
- control field: 20240216112309.0
008 - FIXED-LENGTH DATA ELEMENTS
- fixed length control field: 240216|| aca||aabn | a|a d
040 ## - CATALOGING SOURCE
- Original cataloging agency: NUST
- Transcribing agency: NUST
100 ## - HEADING--PERSONAL NAME
- Personal name: Woschek, Heinz-Gert
670 ## - SOURCE DATA FOUND
- Source citation: Work cat.: (NUST): Woschek, Heinz-Gert, author., Wine + space :, 2015.
